[Event "Cosenza Province-ch"]
[Site "Aieta"]
[Date "2009.04.11"]
[Round "5"]
[White "Ielapi, Vito"]
[Black "Gad, Alessandro"]
[Result "1-0"]
[WhiteElo "1911"]
[BlackElo "1608"]
[PlyCount "59"]
[EventDate "2009.04.09"]
[EventType "swiss"]
[EventRounds "5"]
[EventCountry "ITA"]
[SourceTitle "EXT 2024"]
[Source "ChessBase"]
[SourceDate "2023.10.10"]
[SourceVersion "1"]
[SourceVersionDate "2023.10.10"]
[SourceQuality "1"]

1. d4 f5 2. g3 Nf6 3. Bg2 g6 4. Bg5 Bg7 5. Nf3 d6 6. Qc1 c5 7. Bh6 0-0 8. Bxg7 Kxg7 9. Nc3 cxd4 10. Nxd4 e5 11. Nf3 Nc6 12. Qd2 Be6 13. h4 h6 14. a3 Rc8 15. Nh2 d5 16. e3 Ne4 17. Nxe4 fxe4 18. 0-0 Qd7 19. Rad1 Rcd8 20. b3 Bh3 21. Qe2 Rf6 22. c4 Bxg2 23. Kxg2 Rd6 24. c5 Rf6 25. b4 g5 26. hxg5 hxg5 27. Qg4 Qf7 28. b5 Ne7 29. Qxg5+ Ng6 30. Ng4 1-0

[Event "Cosenza Province-ch"]
[Site "Aieta"]
[Date "2009.04.09"]
[Round "1"]
[White "Gad, Alessandro"]
[Black "Rizzuti, Pasquale"]
[Result "0-1"]
[WhiteElo "1608"]
[BlackElo "1814"]
[PlyCount "24"]
[EventDate "2009.04.09"]
[EventType "swiss"]
[EventRounds "5"]
[EventCountry "ITA"]
[SourceTitle "EXT 2024"]
[Source "ChessBase"]
[SourceDate "2023.10.10"]
[SourceVersion "1"]
[SourceVersionDate "2023.10.10"]
[SourceQuality "1"]

1. c4 e5 2. Nc3 Nf6 3. g3 Bb4 4. Bg2 c6 5. d4 e4 6. f3 d5 7. Bg5 Qa5 8. Qb3 dxc4 9. Qxc4 Bxc3+ 10. Qxc3 Qxg5 11. fxe4 0-0 12. Nf3 Qb5 0-1

[Event "Praia op 1st"]
[Site "Praia a Mare"]
[Date "2007.04.07"]
[Round "4"]
[White "Gad, Alessandro"]
[Black "Minucci, Veronica"]
[Result "1-0"]
[WhiteElo "1440"]
[BlackElo "1362"]
[PlyCount "97"]
[EventDate "2007.04.05"]
[EventType "swiss"]
[EventRounds "5"]
[EventCountry "ITA"]
[SourceTitle "EXT 2023"]
[Source "ChessBase"]
[SourceDate "2022.10.05"]
[SourceVersion "1"]
[SourceVersionDate "2022.10.05"]
[SourceQuality "1"]

1. e4 c5 2. Nc3 d6 3. d3 Nf6 4. g3 e5 5. Bg2 Nc6 6. f4 Be7 7. Nf3 0-0 8. 0-0 Bg4 9. h3 Bxf3 10. Qxf3 Nd4 11. Qd1 Rc8 12. f5 g6 13. g4 Qb6 14. g5 Nh5 15. Nd5 Qd8 16. f6 Bxf6 17. Nxf6+ Nxf6 18. gxf6 Ne6 19. Qg4 Qb6 20. c4 Rfd8 21. h4 h5 22. Qg3 Kf8 23. Bh3 Re8 24. Qe3 Red8 25. Qh6+ Ke8 26. Bxe6 fxe6 27. f7+ Kd7 28. f8Q Rxf8 29. Rxf8 Rxf8 30. Qxf8 Kc6 31. Qe8+ Kc7 32. Qxg6 Kc6 33. Qxe6 Kc7 34. Qf7+ Kc6 35. Qxh5 d5 36. Qg6+ Kc7 37. Qxb6+ axb6 38. exd5 Kd7 39. h5 Ke7 40. h6 Kf8 41. d6 Kf7 42. d7 Ke7 43. h7 Kxd7 44. h8Q Kd6 45. Bg5 Ke6 46. Rf1 Kd6 47. Rf6+ Kc7 48. Rf7+ Kd6 49. Qh6# 1-0

[Event "Praia op 1st"]
[Site "Praia a Mare"]
[Date "2007.04.06"]
[Round "3"]
[White "Simone, Leo"]
[Black "Gad, Alessandro"]
[Result "1-0"]
[WhiteElo "1772"]
[BlackElo "1440"]
[PlyCount "103"]
[EventDate "2007.04.05"]
[EventType "swiss"]
[EventRounds "5"]
[EventCountry "ITA"]
[SourceTitle "EXT 2023"]
[Source "ChessBase"]
[SourceDate "2022.10.05"]
[SourceVersion "1"]
[SourceVersionDate "2022.10.05"]
[SourceQuality "1"]

1. Nf3 Nf6 2. d4 e6 3. Bg5 Be7 4. c4 d5 5. e3 0-0 6. Nc3 dxc4 7. Bxc4 c5 8. dxc5 Qxd1+ 9. Rxd1 Bxc5 10. 0-0 Nc6 11. Bf4 b6 12. Bb5 Bb7 13. Bd6 Rfd8 14. Bxc5 bxc5 15. b3 Nb4 16. Ne5 a6 17. Be2 a5 18. Rxd8+ Rxd8 19. Rd1 Rxd1+ 20. Bxd1 Nfd5 21. Nxd5 Bxd5 22. a3 Na2 23. Nd7 c4 24. bxc4 Bxc4 25. Nb6 Bb5 26. Bb3 Nc3 27. Bc4 a4 28. Kf1 Kf8 29. Ke1 Ke7 30. f3 Kd6 31. Bxb5 Nxb5 32. Nxa4 Nxa3 33. Nc3 Kc5 34. Ne4+ Kd5 35. Ng5 Kc4 36. Nxf7 h6 37. g4 Kd3 38. Kf2 Nc4 39. e4 Kd4 40. h4 Ne5 41. Nxe5 Kxe5 42. Ke3 g5 43. h5 Kd6 44. f4 gxf4+ 45. Kxf4 Ke7 46. g5 e5+ 47. Kf5 hxg5 48. Kxg5 Kf7 49. Kf5 Kg7 50. Kxe5 Kh6 51. Kf6 Kxh5 52. e5 1-0

[Event "Praia op 1st"]
[Site "Praia a Mare"]
[Date "2007.04.05"]
[Round "1"]
[White "Gad, Ahmad"]
[Black "Gad, Alessandro"]
[Result "1-0"]
[WhiteElo "1784"]
[BlackElo "1440"]
[PlyCount "29"]
[EventDate "2007.04.05"]
[EventType "swiss"]
[EventRounds "5"]
[EventCountry "ITA"]
[SourceTitle "EXT 2023"]
[Source "ChessBase"]
[SourceDate "2022.10.05"]
[SourceVersion "1"]
[SourceVersionDate "2022.10.05"]
[SourceQuality "1"]

1. e4 e5 2. Nf3 d6 3. d4 Nd7 4. Bc4 Ngf6 5. Nc3 Be7 6. 0-0 0-0 7. Qe2 c6 8. a4 Qc7 9. a5 exd4 10. Nxd4 Nc5 11. b4 Ne6 12. Nf5 d5 13. Nxe7+ Qxe7 14. exd5 Qxb4 15. Na2 1-0

[Event "CS Province-ch"]
[Site "Amantea"]
[Date "2007.01.07"]
[Round "5"]
[White "Nicoletta, Oscare"]
[Black "Gad, Alessandro"]
[Result "0-1"]
[WhiteElo "1440"]
[BlackElo "1410"]
[PlyCount "88"]
[EventDate "2007.01.05"]
[EventType "swiss"]
[EventRounds "5"]
[EventCountry "ITA"]
[SourceTitle "EXT 2010"]
[Source "ChessBase"]
[SourceDate "2010.11.25"]
[SourceVersion "1"]
[SourceVersionDate "2010.11.25"]
[SourceQuality "1"]

1. e4 e5 2. d3 d6 3. Be2 Nc6 4. Nf3 f5 5. Nc3 Nf6 6. Bg5 f4 7. g3 h6 8. Bxf6 Qxf6 9. Nd5 Qd8 10. gxf4 exf4 11. Nxf4 Qf6 12. Nd5 Qf7 13. Qd2 Bh3 14. Rg1 0-0-0 15. Rg3 Be6 16. c4 g5 17. d4 g4 18. Ng1 Bg7 19. Qf4 Bxd5 20. Qxf7 Bxf7 21. Bxg4+ Kb8 22. d5 Ne5 23. Be2 Rhg8 24. b3 Nd3+ 25. Bxd3 Bxa1 26. Rxg8 Rxg8 27. Kf1 Kc8 28. f4 Kd7 29. Nf3 Bh5 30. Nh4 Rg4 31. Ng2 Bd4 32. Be2 Rxg2 33. Bxh5 Rf2+ 34. Ke1 Rxf4 35. Ke2 Rxe4+ 36. Kd3 Rh4 37. Bg6 Be5 38. Bf5+ Ke7 39. h3 Kf6 40. Bh7 Rxh3+ 41. Ke4 h5 42. Bf5 Rh4+ 43. Kf3 Kxf5 44. Kg2 Rd4 0-1

[Event "Croce di Magara op"]
[Site "Camigliatello"]
[Date "2005.09.17"]
[Round "6"]
[White "Romeo, Myriam"]
[Black "Gad, Alessandro"]
[Result "1-0"]
[WhiteElo "1476"]
[BlackElo "1437"]
[PlyCount "31"]
[EventDate "2005.09.10"]
[EventType "swiss"]
[EventRounds "9"]
[EventCountry "ITA"]
[SourceTitle "EXT 2007"]
[Source "ChessBase"]
[SourceDate "2006.11.23"]
[SourceVersion "1"]
[SourceVersionDate "2006.11.23"]
[SourceQuality "1"]

1. e4 d5 2. exd5 Qxd5 3. Nc3 Qa5 4. Nf3 Nf6 5. d3 e6 6. Be2 Bb4 7. Bd2 0-0 8. a3 Bxc3 9. Bxc3 Qb6 10. Qd2 Nc6 11. Qg5 Kh8 12. h4 h6 13. Qg3 Rg8 14. Qf4 Bd7 15. Bxf6 gxf6 16. Qxh6# 1-0